Associez ces chansons à leurs chanteurs anglophones - Statistiques

Statistiques générales
  • Ce quiz a été pris 1 382 fois
  • Le résultat moyen est 12 sur 20
Statistiques - réponses
Hint Réponse % Correct
Paparazzi Lady Gaga
78%
Halo Beyoncé
76%
Watermelon Sugar Harry Styles
76%
Grenade Bruno Mars
70%
Yummy Justin Bieber
70%
God is a woman Ariana Grande
68%
Hot N Cold Katy Perry
67%
Ocean eyes Billie Eilish
66%
Sugar Maroon 5
66%
New Rules Dua Lipa
65%
Jailhouse Rock Elvis Presley
65%
Blank Space Taylor Swift
61%
Bad Habits Ed Sheeran
60%
Cry Me a River Justin Timberlake
59%
You're Beautiful James Blunt
55%
Hotel Room Service Pitbull
46%
Rock With You Michael Jackson
42%
Unfaithful Rihanna
41%
Acapulco Jason Derulo
37%
Addicted to You Shakira
29%
Aucun quiz correspondant
Distribution des résultats
% des personnes avec chaque résultat
Percentile par nombre de réponses
Votre historique - résultats
Vous n’avez pas pris ce quiz